000 00574cab a22001935a 4500
001 L157465
008 121218e2012 xxk 000 0 eng d
035 _a(Sirsi) u157465
041 0 _aeng
100 1 _aLynch, Declan
245 0 0 _aHigh speed 2 hits the high court
260 _c2012
490 _aNew Civil Engineer 13 December 2012, 8-9(2)
520 _aExamines the objections of 4 groups of campaigners to the high speed 2 rail scheme between London and Birmingham.
590 _aKA
651 4 _aUnited Kingdom
_y
690 _aBUILT ENVIRONMENT
942 _n0
999 _c84393
_d84393